000 00385nam a2200157Ia 4500
008 230917s9999||||xx |||||||||||||| ||und||
040 _e72551
_aMAIN
041 _aEnglish
082 _a658 C392P
100 _aChaturvedi, C L
245 0 _aPrinciples of business studies
250 _a5th ed.
260 _aDelhi
_bShree Mahavir Book Depot
_c1996
300 _a348 p.
942 _cBK
999 _c89602
_d89602